000 01027 a2200217 4500
003 Nust
005 20230221120857.0
010 _a 2014323549
020 _a9789699982002
040 _cNust
082 _a327.470954, YAM
100 1 _aYamin, Tughral.
_91533
245 1 4 _aThe evolution of nuclear deterrence in South Asia /
_cTughral Yamin.
246 3 _aNuclear deterrence in South Asia
300 _avii, 272 pages ;
_c22 cm
505 _aIntroduction (Page-1), Of strategic stability (Page-13), Nuclear deterrence during the cold war (Page-39), Arms control and Disarmament (Page-85), The nature of Indo Pakistan conflict (Page-113), India-Pakistan tensions in the nuclear age (Page-143), The strategic culture of the south Asia (Page-181), State of strategic stability in South Asia and prospects for the future (Page-201).
650 0 _aDeterrence (Strategy)
_xHistory.
_95257
650 0 _aMilitary policy
_zSouth Asia
_xHistory.
_95258
650 0 _aNuclear warfare
_zSouth Asia
_xHistory.
_95256
942 _2ddc
_cBK
999 _c214827
_d214827